[Event "Santo Domingo De La Madre op"]
[Site "Santo Domingo"]
[Date "2018.05.18"]
[Round "1"]
[White "Batista Penalo, Darlyn Alexander"]
[Black "Steel Stephen, Daniel Alberto"]
[Result "0-1"]
[WhiteElo "1653"]
[BlackElo "1846"]
[PlyCount "48"]
[EventDate "2018.05.18"]
[EventType "swiss"]
[EventRounds "8"]
[EventCountry "DOM"]
[SourceTitle "CBM 184 Extra"]
[Source "ChessBase"]
[SourceDate "2018.06.28"]
[SourceVersion "1"]
[SourceVersionDate "2018.06.28"]
[SourceQuality "1"]

1. e4 c6 2. d4 d5 3. e5 Bf5 4. Nf3 e6 5. h3 Nd7 6. Bf4 Qb6 7. b3 a5 8. Nbd2 Bb4 9. c4 Bc3 10. Rc1 Bb2 11. Rc2 Bxc2 12. Qxc2 Bxd4 13. Bd3 Bxf2+ 14. Kd1 a4 15. Ke2 axb3 16. Nxb3 Bc5 17. Ra1 Ne7 18. Bxh7 dxc4 19. Nfd2 cxb3 20. Nxb3 g6 21. Nxc5 Qxc5 22. Qxc5 Nxc5 23. Be3 Nd7 24. a4 Rxh7 0-1

[Event "Santo Domingo U2000 op"]
[Site "Santo Domingo"]
[Date "2017.06.03"]
[Round "2"]
[White "Steel Stephen, Daniel Alberto"]
[Black "Castillo Pena, Patricia Evarista"]
[Result "1/2-1/2"]
[WhiteElo "1928"]
[BlackElo "1768"]
[PlyCount "142"]
[EventDate "2017.06.02"]
[EventType "swiss"]
[EventRounds "8"]
[EventCountry "DOM"]
[SourceTitle "CBM 178 Extra"]
[Source "ChessBase"]
[SourceDate "2017.06.22"]
[SourceVersion "1"]
[SourceVersionDate "2017.06.22"]
[SourceQuality "1"]

1. d4 Nf6 2. c4 c5 3. d5 b5 4. cxb5 a6 5. b6 g6 6. Nc3 Bg7 7. g3 0-0 8. Bg2 d6 9. Nh3 Nbd7 10. a4 Nxb6 11. a5 Nc4 12. Qa4 Ne5 13. 0-0 Rb8 14. Ng5 h6 15. Nf3 Nxf3+ 16. Bxf3 Rb4 17. Qc2 Bd7 18. Bd2 Qb8 19. Rfb1 Ne8 20. Nd1 Rb7 21. Bc3 Nf6 22. e4 Qc8 23. Ne3 Ng4 24. Nc4 Bd4 25. Rf1 Ne5 26. Be2 Bb5 27. Nxe5 dxe5 28. Kg2 Bxe2 29. Qxe2 Bxc3 30. bxc3 Rb3 31. Qc4 Rb5 32. Rfb1 Qb7 33. Rxb5 Qxb5 34. Qxb5 axb5 35. a6 Ra8 36. a7 b4 37. cxb4 cxb4 38. Ra6 b3 39. Rb6 Rxa7 40. Rxb3 Kg7 41. h4 f5 42. f3 Kf7 43. h5 Rd7 44. hxg6+ Kxg6 45. Rb6+ Rd6 46. Rb7 fxe4 47. fxe4 e6 48. dxe6 Rxe6 49. Kh3 Rc6 50. Kg4 Rc4 51. Rb6+ Kg7 52. Kf5 Rc7 53. Kxe5 Rf7 54. g4 Rf2 55. Re6 Rg2 56. Kf4 Rf2+ 57. Kg3 Re2 58. Kf3 Re1 59. Kf2 Rb1 60. e5 Rb5 61. Kg3 Kf7 62. Rf6+ Kg7 63. Rf5 Rb6 64. Kh4 Re6 65. g5 hxg5+ 66. Kxg5 Rg6+ 67. Kf4 Rb6 68. Rg5+ Kf7 69. Rh5 Rb1 70. Rh7+ Ke6 71. Rh6+ Ke7 1/2-1/2

[Event "Santo Domingo Independencia op"]
[Site "Santo Domingo"]
[Date "2017.03.03"]
[Round "5"]
[White "Steel Stephen, Daniel Alberto"]
[Black "Mendez, Ruddy Antonio"]
[Result "1-0"]
[WhiteElo "1916"]
[BlackElo "2118"]
[PlyCount "95"]
[EventDate "2017.02.24"]
[EventType "swiss"]
[EventRounds "7"]
[EventCountry "DOM"]
[SourceTitle "CBM 177 Extra"]
[Source "ChessBase"]
[SourceDate "2017.04.27"]
[SourceVersion "1"]
[SourceVersionDate "2017.04.27"]
[SourceQuality "1"]

1. d4 c5 2. d5 e5 3. c4 d6 4. Nc3 Be7 5. Nf3 Nf6 6. e4 0-0 7. h3 Kh8 8. Bd3 Ng8 9. Qc2 Nd7 10. Be3 Rb8 11. a4 a6 12. g4 Ndf6 13. Ke2 Bd7 14. Rag1 Qc8 15. Rg3 b5 16. axb5 axb5 17. Nxb5 Bxb5 18. cxb5 c4 19. Qxc4 Qxc4 20. Bxc4 Nxe4 21. Rgg1 Rfc8 22. Rc1 Bd8 23. Bd3 Nef6 24. Ng5 Nh6 25. Ne4 Nxe4 26. Bxe4 Ng8 27. Rc6 Rxc6 28. bxc6 Nf6 29. Kf3 Rxb2 30. Ra1 Rb8 31. Ra7 Ne8 32. Rxf7 Kg8 33. Rb7 Ra8 34. Bf5 Kf8 35. Bd7 Nc7 36. Bb6 Nxd5 37. Bxd8 Rxd8 38. Be6 Nf4 39. Rf7+ Ke8 40. Rxf4 exf4 41. c7 g5 42. cxd8Q+ Kxd8 43. Ke4 Ke7 44. Kf5 h6 45. Bd5 Kd7 46. Kg6 Ke7 47. Kg7 f3 48. Kxh6 1-0

[Event "Santo Domingo Duarte Memorial 6th"]
[Site "Santo Domingo"]
[Date "2017.02.03"]
[Round "5"]
[White "Steel Stephen, Daniel Alberto"]
[Black "Mejia, Juan Alberto"]
[Result "0-1"]
[WhiteElo "1916"]
[BlackElo "1859"]
[PlyCount "90"]
[EventDate "2017.01.27"]
[EventType "swiss"]
[EventRounds "8"]
[EventCountry "DOM"]
[SourceTitle "CBM 176 Extra"]
[Source "ChessBase"]
[SourceDate "2017.03.02"]
[SourceVersion "1"]
[SourceVersionDate "2017.03.02"]
[SourceQuality "1"]

1. d4 Nf6 2. c4 e6 3. Nf3 b6 4. Bf4 Bb7 5. e3 Be7 6. Be2 0-0 7. 0-0 Nh5 8. Bg3 Nxg3 9. hxg3 d6 10. Nc3 Nd7 11. b4 c5 12. a3 Nf6 13. Qb3 Qc8 14. Rfb1 Rd8 15. a4 Ne4 16. a5 Nxc3 17. Qxc3 Be4 18. Rb2 Qc7 19. b5 Bf6 20. Nd2 cxd4 21. exd4 Bb7 22. a6 Bc8 23. Ne4 Be7 24. Rc1 f5 25. Nd2 Bf6 26. f4 e5 27. Nf3 e4 28. Nd2 Be6 29. Nf1 d5 30. Rd2 dxc4 31. Ne3 Qd7 32. Bxc4 Rac8 33. Qb3 Bxc4 34. Rxc4 Kh8 35. d5 Rxc4 36. Nxc4 Rc8 37. Ne5 Bxe5 38. fxe5 Rc1+ 39. Kf2 Qc7 40. Qe3 Qxe5 41. d6 Qxb5 42. g4 Rf1+ 43. Kg3 Qe5+ 44. Kh4 Rh1+ 45. Kg5 h6+ 0-1

[Event "Santo Domingo Duarte Memorial 6th"]
[Site "Santo Domingo"]
[Date "2017.01.29"]
[Round "4"]
[White "Steel Stephen, Daniel Alberto"]
[Black "Alcantara Urbaez, Richard Leandro"]
[Result "0-1"]
[WhiteElo "1916"]
[BlackElo "1646"]
[PlyCount "144"]
[EventDate "2017.01.27"]
[EventType "swiss"]
[EventRounds "8"]
[EventCountry "DOM"]
[SourceTitle "CBM 176 Extra"]
[Source "ChessBase"]
[SourceDate "2017.03.02"]
[SourceVersion "1"]
[SourceVersionDate "2017.03.02"]
[SourceQuality "1"]

1. d4 Nf6 2. c4 e6 3. Nf3 d5 4. Nc3 c6 5. Bg5 Nbd7 6. e3 Be7 7. Bd3 0-0 8. 0-0 Re8 9. Qc2 Nf8 10. c5 Ng6 11. b4 Nd7 12. Bxe7 Qxe7 13. b5 e5 14. bxc6 bxc6 15. Be2 e4 16. Nd2 Qg5 17. Kh1 Nf6 18. Nd1 Bg4 19. f3 exf3 20. Nxf3 Bxf3 21. Bxf3 Nh4 22. Qf2 Re7 23. Qg3 Qxg3 24. hxg3 Nf5 25. Kh2 Nh6 26. Kh3 Rb8 27. g4 Ne4 28. Kh4 g5+ 29. Kh3 Kg7 30. Be2 Reb7 31. Bd3 Nf6 32. Bf5 Nxf5 33. gxf5 Rb1 34. Nf2 Rxf1 35. Rxf1 Rb2 36. Nd3 Rxa2 37. Ne5 Ra3 38. Rb1 Rxe3+ 39. Kh2 h5 40. Nxc6 Ng4+ 41. Kg1 Rg3 42. Rc1 h4 43. Ne5 Ne3 44. c6 Rxg2+ 45. Kh1 h3 46. c7 Nxf5 47. Rc3 Nd6 48. c8Q Nxc8 49. Rxc8 g4 50. Rc7 g3 51. Rxf7+ Kg8 52. Rf3 Kh7 53. Ra3 Rh2+ 54. Kg1 Rg2+ 55. Kf1 Rf2+ 56. Ke1 h2 57. Rxg3 h1Q+ 58. Kxf2 Qa1 59. Rd3 a5 60. Rh3+ Kg8 61. Rg3+ Kf8 62. Rd3 a4 63. Nd7+ Ke7 64. Nc5 a3 65. Nb3 Qb2+ 66. Ke3 a2 67. Kf3 a1Q 68. Nxa1 Qxa1 69. Ke3 Kf6 70. Rd2 Qc3+ 71. Rd3 Qe1+ 72. Kf3 Qe4+ 0-1

[Event "Santo Domingo Duarte Memorial 6th"]
[Site "Santo Domingo"]
[Date "2017.01.27"]
[Round "1"]
[White "Steel Stephen, Daniel Alberto"]
[Black "Valdez Cruz, Carlos Arturo"]
[Result "1-0"]
[WhiteElo "1916"]
[BlackElo "1464"]
[PlyCount "57"]
[EventDate "2017.01.27"]
[EventType "swiss"]
[EventRounds "8"]
[EventCountry "DOM"]
[SourceTitle "CBM 176 Extra"]
[Source "ChessBase"]
[SourceDate "2017.03.02"]
[SourceVersion "1"]
[SourceVersionDate "2017.03.02"]
[SourceQuality "1"]

1. d4 e6 2. c4 c5 3. d5 e5 4. Nc3 d6 5. e4 Nf6 6. Nf3 Bg4 7. Be2 Nbd7 8. 0-0 Be7 9. Ne1 Bxe2 10. Qxe2 a6 11. Nd3 Nf8 12. f4 N6d7 13. fxe5 Nxe5 14. Nxe5 dxe5 15. Qf3 Bf6 16. Bg5 Nd7 17. Qf5 Qe7 18. d6 Qe6 19. Nd5 Qxf5 20. Nc7+ Kd8 21. Rxf5 Rb8 22. Raf1 Bxg5 23. Rxg5 Nf6 24. Rxg7 Ne8 25. Rgxf7 b5 26. Ne6+ Kc8 27. d7+ Kb7 28. dxe8Q+ Kb6 29. Qe7 1-0

[Event "Santo Domingo Inmortales op"]
[Site "Santo Domingo"]
[Date "2016.11.25"]
[Round "5"]
[White "Feliz Dotel, Dewar Bienvenido"]
[Black "Steel Stephen, Daniel Alberto"]
[Result "1-0"]
[WhiteElo "2063"]
[BlackElo "1928"]
[PlyCount "99"]
[EventDate "2016.11.18"]
[EventType "swiss"]
[EventRounds "8"]
[EventCountry "DOM"]
[SourceTitle "EXT 2018"]
[Source "ChessBase"]
[SourceDate "2017.10.13"]
[SourceVersion "1"]
[SourceVersionDate "2017.10.13"]
[SourceQuality "1"]

1. Nf3 d5 2. g3 Nf6 3. Bg2 c6 4. c4 e6 5. b3 Be7 6. Bb2 Nbd7 7. 0-0 0-0 8. d4 b6 9. Nbd2 Bb7 10. Ne5 Rc8 11. e4 c5 12. Nxd7 Qxd7 13. dxc5 Bxc5 14. Bxf6 gxf6 15. exd5 f5 16. dxe6 fxe6 17. Bxb7 Qxb7 18. Qe2 Rf6 19. Nf3 Re8 20. Ne5 Bd4 21. Rad1 Bxe5 22. Qxe5 Qg7 23. Rd4 Rf7 24. Qxg7+ Kxg7 25. Rfd1 Kf6 26. Rd7 Ree7 27. Rxe7 Rxe7 28. f4 Rc7 29. Kf2 Ke7 30. Ke3 a5 31. Rd4 Rc5 32. a3 Rc8 33. Kd3 h5 34. Kc3 Rh8 35. b4 axb4+ 36. axb4 Ra8 37. c5 bxc5 38. bxc5 Ra1 39. Kb4 Rb1+ 40. Ka5 Rc1 41. Kb6 e5 42. fxe5 Ke6 43. c6 Kxe5 44. Rd2 Rb1+ 45. Ka7 h4 46. c7 Rc1 47. Kb7 Rb1+ 48. Kc8 hxg3 49. hxg3 Rc1 50. Kd7 1-0

[Event "Santo Domingo Autumn op"]
[Site "Santo Domingo"]
[Date "2016.10.07"]
[Round "4"]
[White "Mendez Ramirez, Victor"]
[Black "Steel Stephen, Daniel Alberto"]
[Result "0-1"]
[WhiteElo "1717"]
[BlackElo "1899"]
[PlyCount "68"]
[EventDate "2016.10.07"]
[EventType "swiss"]
[EventRounds "8"]
[EventCountry "DOM"]
[SourceTitle "CBM 175 Extra"]
[Source "ChessBase"]
[SourceDate "2016.12.12"]
[SourceVersion "1"]
[SourceVersionDate "2016.12.12"]
[SourceQuality "1"]

1. e4 c6 2. d4 d5 3. e5 Bf5 4. Nf3 e6 5. Be2 Nd7 6. 0-0 c5 7. c3 Ne7 8. b3 Nc6 9. Re1 Be7 10. Be3 0-0 11. Nbd2 f6 12. Bf4 cxd4 13. cxd4 Ba3 14. Nh4 fxe5 15. Nxf5 exf4 16. Nxg7 Kxg7 17. Bg4 Nxd4 18. Bxe6 Nf6 19. Nf3 Nxe6 20. Rxe6 Qd7 21. Nd4 Kh8 22. Qe2 Rae8 23. Re1 Ne4 24. Rxe8 Rxe8 25. Qh5 Rg8 26. g3 fxg3 27. hxg3 Rg5 28. Qh6 Qg7 29. Qh4 Qf6 30. Re2 Bc5 31. Rxe4 dxe4 32. Qxe4 Qxd4 33. Qe8+ Rg8 34. Qe1 Rxg3+ 0-1

[Event "Santo Domingo Autumn op"]
[Site "Santo Domingo"]
[Date "2016.10.07"]
[Round "5"]
[White "Pena Marcano, Jose Carlos"]
[Black "Steel Stephen, Daniel Alberto"]
[Result "0-1"]
[WhiteElo "1865"]
[BlackElo "1899"]
[PlyCount "124"]
[EventDate "2016.10.07"]
[EventType "swiss"]
[EventRounds "8"]
[EventCountry "DOM"]
[SourceTitle "CBM 175 Extra"]
[Source "ChessBase"]
[SourceDate "2016.12.12"]
[SourceVersion "1"]
[SourceVersionDate "2016.12.12"]
[SourceQuality "1"]

1. c4 c6 2. e3 d5 3. Qa4 Nf6 4. a3 e6 5. Nf3 Nbd7 6. Qc2 Bd6 7. b3 e5 8. cxd5 cxd5 9. Bb2 Qe7 10. Nc3 a6 11. Be2 0-0 12. b4 Nb6 13. Na4 Nxa4 14. Qxa4 Bd7 15. Qb3 Bf5 16. Nh4 Be6 17. Nf3 Bg4 18. Ng1 Bd7 19. Nf3 Rac8 20. h3 Bf5 21. Bd1 d4 22. Qa2 Bd3 23. Rc1 Rxc1 24. Bxc1 Rc8 25. Bb2 dxe3 26. dxe3 e4 27. Nd2 Be5 28. Bb3 Bc3 29. Qa1 Qe5 30. Bxc3 Qxc3 31. Qxc3 Rxc3 32. Kd1 b5 33. g4 h6 34. Rg1 g5 35. h4 Kg7 36. hxg5 hxg5 37. Rg3 Nd7 38. f3 exf3 39. Rxf3 Ne5 40. Rg3 Bc4 41. Bc2 Rxa3 42. Ne4 f6 43. Nc5 Bf7 44. Kc1 a5 45. bxa5 Rxa5 46. Bf5 Ra3 47. Kb2 Nc4+ 48. Kb1 Rxe3 49. Rg1 Nd2+ 50. Kc2 Nf3 51. Ra1 b4 52. Ra7 Rc3+ 53. Kb2 Rxc5 54. Rb7 b3 55. Be6 Ne5 56. Bxb3 Kf8 57. Rb8+ Kg7 58. Rb7 Rc8 59. Bc2 Rxc2+ 60. Kxc2 Nxg4 61. Kd2 Kg6 62. Ke2 Bd5 0-1

[Event "Santo Domingo District"]
[Site "Santo Domingo"]
[Date "2016.03.12"]
[Round "3"]
[White "Steel Stephen, Daniel Alberto"]
[Black "Contreras Rodriguez, Felipe"]
[Result "1-0"]
[WhiteElo "1894"]
[BlackElo "1894"]
[PlyCount "121"]
[EventDate "2016.03.11"]
[EventType "swiss"]
[EventRounds "7"]
[EventCountry "DOM"]
[SourceTitle "EXT 2017"]
[Source "ChessBase"]
[SourceDate "2016.10.25"]
[SourceVersion "1"]
[SourceVersionDate "2016.10.25"]
[SourceQuality "1"]

1. e4 c5 2. Nf3 Nc6 3. c3 d5 4. exd5 Qxd5 5. d4 Bg4 6. Be2 cxd4 7. cxd4 e6 8. Nc3 Bb4 9. 0-0 Bxc3 10. bxc3 Nf6 11. Ba3 Qa5 12. Qb3 Qc7 13. Rab1 b6 14. h3 Bf5 15. Rbc1 Be4 16. Rfd1 Na5 17. Qa4+ Bc6 18. Bb5 0-0-0 19. Ne5 Bxb5 20. Qxb5 Kb7 21. c4 a6 22. Qb1 Ka7 23. Bb2 Nh5 24. c5 b5 25. Qe4 Rd5 26. Bc3 Nc6 27. Nxc6+ Qxc6 28. Ba5 Kb7 29. Qf3 Nf6 30. a4 Rg5 31. Qxc6+ Kxc6 32. axb5+ axb5 33. Ra1 Ra8 34. Bd2 Rxa1 35. Rxa1 Rd5 36. Ra6+ Kc7 37. Bf4+ Kb7 38. Rb6+ Ka7 39. Rxb5 Rxd4 40. Be3 Rc4 41. c6+ Ka6 42. Rb7 Rxc6 43. Rxf7 h5 44. Rxg7 Nd5 45. Rg5 Kb5 46. Rxh5 Kc4 47. Rh4+ Kd3 48. Rd4+ Ke2 49. Re4 Kd3 50. Re5 Ne7 51. Rc5 Ra6 52. g4 Nd5 53. Bg5 Ke4 54. Kg2 Kd4 55. Rc8 e5 56. Re8 e4 57. Be3+ Kc4 58. g5 Ra3 59. h4 Nxe3+ 60. fxe3 Rxe3 61. g6 1-0

[Event "Santo Domingo Duarte Memorial 5th"]
[Site "Santo Domingo"]
[Date "2016.01.08"]
[Round "1"]
[White "Steel Stephen, Daniel Alberto"]
[Black "Guzman, Christopher"]
[Result "0-1"]
[WhiteElo "1912"]
[BlackElo "2257"]
[PlyCount "70"]
[EventDate "2016.01.08"]
[EventType "swiss"]
[EventRounds "8"]
[EventCountry "DOM"]
[SourceTitle "CBM 170 Extra"]
[Source "ChessBase"]
[SourceDate "2016.02.25"]
[SourceVersion "1"]
[SourceVersionDate "2016.02.25"]
[SourceQuality "1"]

1. d4 e6 2. c4 Nf6 3. Nf3 b6 4. Nc3 Bb7 5. Bg5 Bb4 6. Qb3 Bxc3+ 7. Qxc3 h6 8. Bxf6 Qxf6 9. g3 c5 10. Rd1 Bxf3 11. Qxf3 Qxf3 12. exf3 Nc6 13. dxc5 bxc5 14. Kd2 Ke7 15. f4 Rab8 16. Kc3 a5 17. Bg2 Nd4 18. Rhe1 g5 19. fxg5 hxg5 20. h3 d6 21. Re4 f5 22. Rexd4 cxd4+ 23. Rxd4 Rbc8 24. b3 d5 25. Bf1 dxc4 26. Bxc4 Rhd8 27. a4 Rxd4 28. Kxd4 Kd6 29. Ke3 e5 30. f4 gxf4+ 31. gxf4 Rh8 32. fxe5+ Kxe5 33. Bf1 f4+ 34. Kf2 Rg8 35. Bc4 Rg3 0-1

[Event "Santo Domingo La Raza op"]
[Site "Santo Domingo"]
[Date "2015.10.13"]
[Round "3"]
[White "Franco Rodriguez, Andres Avelino"]
[Black "Steel Stephen, Daniel Alberto"]
[Result "1-0"]
[WhiteElo "2089"]
[BlackElo "1922"]
[PlyCount "86"]
[EventDate "2015.10.12"]
[EventType "swiss"]
[EventRounds "8"]
[EventCountry "DOM"]
[SourceTitle "CBM 169 Extra"]
[Source "ChessBase"]
[SourceDate "2015.12.18"]
[SourceVersion "1"]
[SourceVersionDate "2015.12.18"]
[SourceQuality "1"]

1. d4 d5 2. c4 e6 3. Nf3 Nf6 4. Nc3 c6 5. g3 Be7 6. Bg2 0-0 7. 0-0 Nbd7 8. b3 b6 9. Bf4 Ba6 10. Ne5 Rc8 11. Rc1 Nxe5 12. dxe5 Nd7 13. h4 dxc4 14. bxc4 Qc7 15. Nb5 Bxb5 16. cxb5 c5 17. Qa4 Nxe5 18. Qe4 Bf6 19. Rc3 Rfd8 20. Rfc1 Rd5 21. Qa4 Qd7 22. Bxd5 exd5 23. Kg2 Ng6 24. Rd3 d4 25. Rf3 Re8 26. Qc4 Qg4 27. Kf1 Qh3+ 28. Ke1 Nxh4 29. Rb3 Ng2+ 30. Kd2 Nxf4 31. gxf4 Qf5 32. Rf3 Qe4 33. Qd3 Qe6 34. a4 Rc8 35. Rc4 Re8 36. a5 g6 37. a6 h5 38. f5 Bg5+ 39. Kd1 Qe4 40. Qxe4 Rxe4 41. fxg6 fxg6 42. Rg3 Rg4 43. Rxg4 hxg4 1-0

[Event "Santo Domingo Summer op"]
[Site "Santo Domingo"]
[Date "2015.07.17"]
[Round "1"]
[White "Sepulveda Herrera, Job Rodrigo"]
[Black "Steel Stephen, Daniel Alberto"]
[Result "1/2-1/2"]
[WhiteElo "2243"]
[BlackElo "1972"]
[PlyCount "153"]
[EventDate "2015.07.17"]
[EventType "swiss"]
[EventRounds "8"]
[EventCountry "DOM"]
[SourceTitle "EXT 2016"]
[Source "ChessBase"]
[SourceDate "2015.10.08"]
[SourceVersion "1"]
[SourceVersionDate "2015.10.08"]
[SourceQuality "1"]

1. b3 Nf6 2. Bb2 d5 3. e3 c5 4. Nf3 Nc6 5. Bb5 Bg4 6. h3 Bxf3 7. Bxc6+ bxc6 8. Qxf3 e6 9. 0-0 Be7 10. d3 0-0 11. Nc3 Nd7 12. Na4 Bf6 13. Bxf6 Qxf6 14. Qxf6 gxf6 15. f4 f5 16. Rad1 Rac8 17. Kf2 Kg7 18. Kf3 h5 19. g3 Kf6 20. e4 Rg8 21. Rg1 Rce8 22. c3 Rb8 23. Rd2 Rg7 24. e5+ Ke7 25. d4 cxd4 26. cxd4 Nb6 27. Nc5 Nd7 28. Nd3 Rgg8 29. Rc2 Rb6 30. Rgc1 Rc8 31. b4 a5 32. bxa5 Rb5 33. a6 Rb6 34. a7 Ra8 35. Rxc6 Rxc6 36. Rxc6 Rxa7 37. Nc1 Ra3+ 38. Kf2 Kd8 39. Rc2 Nb6 40. Nb3 Nc4 41. Ke2 Kc7 42. Kd3 Kb6 43. Rg2 Kb5 44. Kc3 Ne3 45. Re2 Nc4 46. Rh2 Na5 47. Kb2 Nc4+ 48. Kb1 Kb4 49. Rf2 Na5 50. Nxa5 Kxa5 51. Rc2 Rxg3 52. Rc7 Rxh3 53. Rxf7 Rf3 54. Rf6 h4 55. Rxe6 Rxf4 56. Rf6 h3 57. Rh6 Rf3 58. e6 Re3 59. e7 Kb4 60. Rxh3 Rxe7 61. Rf3 Rf7 62. Kc2 Kc4 63. Rf4 Ra7 64. Rxf5 Rxa2+ 65. Kd1 Kxd4 66. Rf3 Ke4 67. Rh3 d4 68. Rg3 Kd5 69. Rh3 Kc4 70. Rg3 d3 71. Rg8 Ra4 72. Rc8+ Kd4 73. Rd8+ Kc3 74. Rc8+ Rc4 75. Rxc4+ Kxc4 76. Kd2 Kd4 77. Kd1 1/2-1/2

[Event "Santo Domingo op U2100 2nd"]
[Site "Santo Domingo"]
[Date "2015.06.29"]
[Round "8.6"]
[White "Jaquez, Juan Manuel"]
[Black "Steel Stephen, Daniel Alberto"]
[Result "1-0"]
[WhiteElo "2060"]
[BlackElo "1995"]
[PlyCount "67"]
[EventDate "2015.06.19"]
[EventType "swiss"]
[EventRounds "8"]
[EventCountry "DOM"]
[SourceTitle "EXT 2017"]
[Source "ChessBase"]
[SourceDate "2016.10.25"]
[SourceVersion "1"]
[SourceVersionDate "2016.10.25"]
[SourceQuality "1"]

1. e4 c5 2. Nf3 d6 3. d4 cxd4 4. Nxd4 Nf6 5. Nc3 a6 6. Bg5 e6 7. f4 Be7 8. Qf3 Qc7 9. 0-0-0 Nbd7 10. g4 Rb8 11. Bxf6 Nxf6 12. g5 Nd7 13. h4 b5 14. a3 b4 15. axb4 Rxb4 16. Bh3 Nc5 17. f5 Qb6 18. fxe6 fxe6 19. Nxe6 Bxe6 20. Bxe6 Rf8 21. Qh5+ g6 22. Qxh7 Rxb2 23. Qxg6+ Kd8 24. Rhf1 Nxe6 25. Qxe6 Re8 26. Qc4 Rb4 27. Qd3 Rh8 28. Rf7 Qb7 29. Rxe7 Qxe7 30. Nd5 Qb7 31. Nxb4 Qxb4 32. Qxd6+ Qxd6 33. Rxd6+ Kc7 34. Rh6 1-0